Learning Resource and Development

The rise of business ethics / (Record no. 30368)

MARC details
000 -LEADER
fixed length control field 03005cam a2200361 i 4500
001 - CONTROL NUMBER
control field 21280058
003 - CONTROL NUMBER IDENTIFIER
control field CSPC
005 - DATE AND TIME OF LATEST TRANSACTION
control field 20250905091431.0
008 - FIXED-LENGTH DATA ELEMENTS--GENERAL INFORMATION
fixed length control field 191030s2020 nyu b 001 0 eng
010 ## - LIBRARY OF CONGRESS CONTROL NUMBER
LC control number 2019044830
020 ## - INTERNATIONAL STANDARD BOOK NUMBER
International Standard Book Number 9781032082738
Qualifying information (paperback)
035 ## - SYSTEM CONTROL NUMBER
System control number 21280058
040 ## - CATALOGING SOURCE
Original cataloging agency DLC
Language of cataloging eng
Transcribing agency DLC
Description conventions rda
Modifying agency DLC
-- CSPC
042 ## - AUTHENTICATION CODE
Authentication code pcc
050 00 - LIBRARY OF CONGRESS CALL NUMBER
Classification number HF5387
Item number .M435 2020
082 00 - DEWEY DECIMAL CLASSIFICATION NUMBER
Classification number 174.4
Item number M472r
Edition number 23
100 1# - MAIN ENTRY--PERSONAL NAME
Personal name Mees, Bernard
Fuller form of name (Bernard Thomas),
Relator term author.
245 14 - TITLE STATEMENT
Title The rise of business ethics /
Statement of responsibility, etc. Bernard Mees.
264 #1 - PRODUCTION, PUBLICATION, DISTRIBUTION, MANUFACTURE, AND COPYRIGHT NOTICE
Place of production, publication, distribution, manufacture New York, NY ;
-- Abingdon, Oxon :
Name of producer, publisher, distributor, manufacturer Routledge,
Date of production, publication, distribution, manufacture, or copyright notice 2020.
300 ## - PHYSICAL DESCRIPTION
Extent ix, 189 pages ;
Dimensions 23 cm.
336 ## - CONTENT TYPE
Content type term text
Content type code txt
Source rdacontent
337 ## - MEDIA TYPE
Media type term unmediated
Media type code n
Source rdamedia
338 ## - CARRIER TYPE
Carrier type term volume
Carrier type code nc
Source rdacarrier
490 0# - SERIES STATEMENT
Series statement Routledge studies in business ethics ;
Volume/sequential designation 18
504 ## - BIBLIOGRAPHY, ETC. NOTE
Bibliography, etc. note Includes bibliographical references and index.
505 0# - FORMATTED CONTENTS NOTE
Formatted contents note Introduction -- The corporate revolution -- Religion and philanthropy -- The social responsibilities of business -- Business philosophy -- Corporate governance -- Ethical leadership -- Sustainability -- Responsible management -- Conclusion.
520 ## - SUMMARY, ETC.
Summary, etc. "In 1973, Daniel Bell argued that corporations in post-industrial societies increasingly needed to behave in accord with widely accepted social norms, particularly in terms of ethical behavior and social responsibility. Yet widespread criticism of business behavior was not an invention of the 1960s and 70s or a product of changing commercial norms. The key feature historically has been business scandal. Understandings of how the field of business ethics has emerged are undeveloped, however. This book is the first attempt to explain the conditions which saw a focus develop on business ethics especially in the 1960s and 70s, and how the broader field developed to encompass related notions such as corporate governance, corporate social responsibility, ethical leadership, sustainable business and responsible management education. The Rise of Business Ethics provides an introduction and analysis of the key developments in contemporary business ethics by examining them in terms of their diachronic development - the key thinkers, the key issues, the key institutions and how they each contributed to contemporary understandings of business ethics, governance and practice. Addressing the topic from a European as well as North American perspective, The Rise of Business Ethics will be of interest to researchers, academics, and students in the fields of business ethics, business and society, business history, organization studies and political economy"--
Assigning source Provided by publisher.
650 #0 - SUBJECT ADDED ENTRY--TOPICAL TERM
Topical term or geographic name entry element Business ethics
General subdivision History.
906 ## - LOCAL DATA ELEMENT F, LDF (RLIN)
a 7
b cbc
c orignew
d 1
e ecip
f 20
g y-gencatlg
942 ## - ADDED ENTRY ELEMENTS (KOHA)
Source of classification or shelving scheme Dewey Decimal Classification
Koha item type Books
Edition 23
Classification part 174.4
Item part M472r
Call number prefix GRD
Call number suffix 2020
Suppress in OPAC No
Holdings
Withdrawn status Lost status Source of classification or shelving scheme Damaged status Not for loan Home library Current library Shelving location Date acquired Total Checkouts Full call number Barcode Date last seen Copy number Price effective from Koha item type
    Dewey Decimal Classification     Main Library Main Library Graduate School Library 09/05/2025   GRD 174.4 M472r 2020 030078 09/05/2025 1-1 09/05/2025 Books